Petroleum refinery distillation /

Guardado en:
Autor Principal: Watkins, Robert N.
Formato: Libro
Idioma:English
Publicado: Houston, Tex. : Gulf Pub. Co., c1973.
Materias:
Etiquetas: Agregar Etiqueta
Sin Etiquetas, Sea el primero en etiquetar este registro!
LEADER 00741cam a22002295a 4500
001 EIQ.libpla002381
008 730302s1973####txua#####b####001#0#eng#d
005 20070605174740.0
245 1 0 |a Petroleum refinery distillation /  |c [by] R. N. Watkins. 
260 |a Houston, Tex. :  |b Gulf Pub. Co.,  |c c1973. 
300 |a ix, 162 p. :  |b il. ;  |c 29 cm. 
504 |a Incluye referencias bibliográficas e indice. 
020 |a 0872016714 
100 1 |a Watkins, Robert N. 
082 0 0 |a 665/.532 
650 4 |a Petróleo  |x Refinación. 
650 4 |a Petróleo  |x Destilación. 
650 0 |a Petroleum  |x Refining. 
650 4 |a Petroleum  |x Distillation. 
010 |a  72093693  
040 |a DLC  |c DLC  |d AR-BbSID 
859 |a AR-BbSID  |b BIB. PLAPIQUI  |h 665.53  |i W 269  |p 1171